|
|
|
|
| LEADER |
00570nam a22001691a 4500 |
| 999 |
|
|
|c 37682
|d 37682
|
| 020 |
|
|
|a 9780415135726
|
| 082 |
|
|
|a 823.009
|b DEN/R
|
| 100 |
|
|
|a Dennis Walder (ed.)
|
| 245 |
|
|
|a The realist novel/
|c edited by Dennis Walder.
|
| 260 |
|
|
|a New York:
|b Routledge ,
|c 2002.
|
| 300 |
|
|
|a 282p.
|
| 650 |
|
|
|a Novel English Criticism
|
| 650 |
|
|
|a Literature English
|
| 650 |
|
|
|a Literature
|
| 942 |
|
|
|c BK
|
| 952 |
|
|
|0 0
|1 0
|4 0
|6 823_009000000000000_DEN_R
|7 0
|9 54587
|a SSUS
|b SSUS
|d 2015-01-08
|g 1655.90
|l 1
|o 823.009 DEN/R
|p 044490
|r 2018-09-28
|s 2018-09-25
|v 0.00
|w 2015-01-08
|y BK
|